Osiedla Olsztyna - Statystyki

Ogólne statystyki
  • Ten quiz został rozwiązany 234 razy
  • Średni wynik to 14 z 23
Statystyki odpowiedzi
Litera Osiedle % Poprawnych
J Jaroty
92%
Z Zatorze
90%
N Nagórki
84%
D Dajtki
80%
K Kortowo
76%
P Pieczewo
76%
G Generałów
75%
K Kormoran
70%
Ś Śródmieście
70%
G Gutkowo
67%
B Brzeziny
65%
R Redykajny
63%
P Podgrodzie
59%
M Mazurskie
57%
L Likusy
55%
K Kętrzyńskiego
47%
P Podleśna
44%
G Grunwaldzkie
42%
P Pojezierze
41%
W Wojska Polskiego
39%
N Nad Jeziorem Długim
37%
Z Zielona Górka
35%
K Kościuszki
31%
Nie znaleziono quizów pasujących do podanych kryteriów
Rozkład punktacji
Procent ludzi z każdym wynikiem
Percentyl według liczby udzielonych odpowiedzi
Twoja historia wyników
Nie rozwiązałeś tego quizu